ARRUPE JESUIT UNIVERSITY

CORONAVIRUS -STOP THE SPREAD - CLEAN,DISINFECT,COVER

Frank Lloyd Wright (Record no. 120464)

MARC details
000 -LEADER
fixed length control field 00366nam a22001337a 4500
005 - DATE AND TIME OF LATEST TRANSACTION
control field 20140505173147.0
008 - FIXED-LENGTH DATA ELEMENTS--GENERAL INFORMATION
fixed length control field 140505b xxu||||| |||| 00| 0 eng d
050 ## - LIBRARY OF CONGRESS CALL NUMBER
Classification number NA737.W7
Item number B55
100 ## - MAIN ENTRY--PERSONAL NAME
Personal name Blake, Peter
9 (RLIN) 10084
245 ## - TITLE STATEMENT
Title Frank Lloyd Wright
Statement of responsibility, etc Blake, Peter
260 ## - PUBLICATION, DISTRIBUTION, ETC. (IMPRINT)
Place of publication, distribution, etc Victoria
Name of publisher, distributor, etc Penguin Books
Date of publication, distribution, etc 1960
300 ## - PHYSICAL DESCRIPTION
Extent 138p.;
Dimensions 20cm.
942 ## - ADDED ENTRY ELEMENTS (KOHA)
Source of classification or shelving scheme Library of Congress Classification
Item type Monograph ( Printed materials)
Holdings
Withdrawn status Lost status Source of classification or shelving scheme Damaged status Not for loan Collection code Home library Current library Shelving location Date acquired Total Checkouts Full call number Barcode Date last seen Price effective from Koha item type
    Library of Congress Classification     Main Collection ARRUPE LIBRARY ARRUPE LIBRARY Main Collection 05/05/2014   NA737.W7 B55 46500001582 03/07/2018 05/05/2014 Monograph ( Printed materials)

 

Arrupe Library. PO Box MP320 Mt Pleasant, Harare, Zimbabwe
263 242 745411|librarian@aju.ac.zw